| 000 | 00683nam a22001937a 4500 | ||
|---|---|---|---|
| 003 | 0 | ||
| 005 | 20250116151218.0 | ||
| 008 | 160108b xxu||||| |||| 00| 0 eng d | ||
| 050 |
_aPHS LB 1032 _b.C957 2015 |
||
| 100 | _aCruz, Hans Kristen K. | ||
| 245 |
_aA comparative study on the factors that affect new student transition _cHans Kristen K. Cruz |
||
| 260 |
_aLas PiƱas, Philippines : _bSouthville International School and Colleges, _c2015. |
||
| 300 |
_aiii, 26 p. : _bill. ; _c28 cm. |
||
| 504 | _aIncludes bibliographical references. | ||
| 650 | _aEducational adjustment. | ||
| 650 | _aStudent transition. | ||
| 650 | _aSocial adjustment in education. | ||
| 942 |
_2lcc _cPASS |
||
| 999 |
_c289047 _d289047 |
||